Adóreform elött.
Daňový systém vo všeobecnosti a v Maďarsku. Jeho radikálna zmena prináša rad nejasností a protichodných reakcií. Dane obyvateľstva a podnikov, resp. podnikateľov. Ciele nového daňového systému a zmeny proti doterajším systémom. Príjmy z daní a ich využitie.
Saved in:
| Main Author: | |
|---|---|
| Format: | Book Chapter |
| Language: | Hungarian |
| Subjects: | |
| Tags: |
No Tags, Be the first to tag this record!
|
MARC
| LEADER | 00000naa a2200000 4500 | ||
|---|---|---|---|
| 001 | r008957 | ||
| 005 | 20221125113611.8 | ||
| 041 | 0 | |a hun | |
| 044 | |a HU | ||
| 245 | 1 | 0 | |a Adóreform elött. |c A. Papp |
| 520 | |a Daňový systém vo všeobecnosti a v Maďarsku. Jeho radikálna zmena prináša rad nejasností a protichodných reakcií. Dane obyvateľstva a podnikov, resp. podnikateľov. Ciele nového daňového systému a zmeny proti doterajším systémom. Príjmy z daní a ich využitie. | ||
| 610 | 2 | 0 | |a reformy daňové |
| 610 | 2 | 0 | |a dane |
| 610 | 2 | 0 | |a dane podnikové |
| 610 | 2 | 0 | |a dane z príjmov |
| 610 | 2 | 0 | |a MR |
| 100 | 1 | |a Papp, A. | |